Njan Ningalkkethire Aakasatheyum Bhumiyeyum Sakshyam Vekkunnu (Record no. 112121)

MARC details
000 -LEADER
fixed length control field 00408nam a2200121Ia 4500
008 - FIXED-LENGTH DATA ELEMENTS--GENERAL INFORMATION
fixed length control field 211119s9999||||xx |||||||||||||| ||und||
082 ## - DEWEY DECIMAL CLASSIFICATION NUMBER
Classification number 894.8124
Item number SAR-N
100 ## - MAIN ENTRY--PERSONAL NAME
Personal name Saradakutty, S
245 #0 - TITLE STATEMENT
Title Njan Ningalkkethire Aakasatheyum Bhumiyeyum Sakshyam Vekkunnu
260 ## - PUBLICATION, DISTRIBUTION, ETC.
Name of publisher, distributor, etc. Mathrubhumi Books
Place of publication, distribution, etc. 2011
Date of publication, distribution, etc. Kottayam
650 ## - SUBJECT ADDED ENTRY--TOPICAL TERM
Topical term or geographic name entry element Malayalam Literature
942 ## - ADDED ENTRY ELEMENTS (KOHA)
Koha item type BOOK
650 ## - SUBJECT ADDED ENTRY--TOPICAL TERM
Form subdivision Malayalam EssaysEconomics
General subdivision PGR-GANDHIAN STUDIES
Holdings
Withdrawn status Lost status Damaged status Not for loan Home library Current library Date acquired Cost, normal purchase price Total Checkouts Full call number Barcode Shelving location Date last seen Price effective from Koha item type
        SB LIBRARY SB LIBRARY 19/11/2021 95.00   894.8124 SAR-N 00125572 PGR-GANDHIAN STUDIES 19/11/2021 19/11/2021 BOOK

Powered by Koha